Heraldické motívy na kachliciach v zbierkach Trenčianskeho múzea

Bibliographic Details
Main Author: Nešporová, Tamara, 1942-2006 (Author)
Format: Article
Language:Slovak
PhysicalDescription:Obr. 5
Subjects:

MARC

LEADER 00000nab a2200000 a 4500
001 vtls000616954
003 SK-MaSNL
005 20260304090951.0
008 250425c1997 xo 0 slo
015 |a SNBRB19rr/mm-uuuuu 
035 |a CL0617093 
035 |a (urnnbn)urn:nbn:sk:snk:ar-002ad0 
035 |a (uuid)cca72f6a-a5de-4421-b2e0-8229ef159fbd 
035 |a urn:nbn:sk:snk-ab7rl3 
040 |a SNKBUCL  |b slo  |c SNKBUCL  |e AACR2 
041 0 |a slo 
044 |a xo  |c SK 
080 |a 929.6:738.8(437.6)  |2 1981 
080 |a 738.8(437.6)  |2 1981 
080 |a 904(437.6)  |2 1981 
100 1 |a Nešporová, Tamara,  |d 1942-2006  |4 aut  |9 104462 
245 1 0 |a Heraldické motívy na kachliciach v zbierkach Trenčianskeho múzea  |c Tamara Nešporová 
300 |b Obr. 5 
504 |a Bibliogr. odkazy 
610 2 7 |a Trenčianske múzeum v Trenčíne  |2 snkbucl  |9 251520 
650 0 7 |a keramické kachlice  |2 snkbucl  |9 89095 
650 0 7 |a heraldika  |2 snkbucl  |9 3642 
650 0 7 |a múzejné zbierky  |2 snkbucl  |9 69988 
773 0 |t Pamiatky a múzeá  |g Č. 1 (1997), s. 27-29 
850 |a Slovenská národná knižnica 
852 |a Slovenská národná knižnica 
954 |a odborná, vedecká literatúra pôvodná (slovenská)  |2 lita 
958 |a article9 
958 |a SK 
958 |a OND 
958 |a EUIPO 
999 |c 2813513  |d 2815443